La interpretación poética y los acercamientos históricos críticos (Registro nro. 51229)
[ vista simple ]
| 000 -LÍDER | |
|---|---|
| Campo fijo de descripción fija | 01370cab a22002294i 4500 |
| 001 - NÚMERO DE CONTROL | |
| Campo de control | 768714001 |
| 003 - IDENTIFICADOR DEL NÚMERO DE CONTROL | |
| Campo de control | CO-MdFUSB |
| 005 - FECHA Y HORA DE LA ULTIMA TRANSACCIÓN | |
| control field | 20230112105214.0 |
| 008 - ELEMENTOS DE LONGITUD FIJA -- INFORMACIÓN GENERAL | |
| Campo fijo de descripción fija -- Información general | 180626s1999 gt ||||| |||| 00| 0 spa d |
| 022 ## - NÚMERO INTERNACIONAL NORMALIZADO PARA PUBLICACIONES SERIADAS | |
| Número Internacional Normalizado para Publicaciones Seriadas | 1014-9341 |
| 040 ## - FUENTE DE CATALOGACIÓN | |
| Agencia Catalogadora | CO-MdFUSB |
| Idioma de catalogación | spa |
| Agencia que realiza la transcripción | CO-MdFUSB |
| Agencia que realiza la modificación | CO-MdFUSB |
| 041 ## - CÓDIGO DE IDIOMA | |
| Código de idioma para texto/pista de sonido o título separado | spa |
| 100 1# - ASIENTO PRINCIPAL--NOMBRE PERSONAL | |
| Nombre personal | Reyes, George |
| Término relacionador | autor |
| 245 03 - TÍTULO | |
| Título | La interpretación poética y los acercamientos históricos críticos |
| Mención de responsabilidad | / George Reyes |
| 300 ## - DESCRIPCIÓN FÍSICA | |
| Extensión | Número 25 (Julio - Diciembre, 1999), páginas 53-78 |
| Dimensiones | ; 22 cm |
| 520 ## - NOTA DE RESUMEN, ETC. | |
| Nota de sumario, etc. | En contraste con las críticas de las fuentes y de las formas, las cuales fragmentan el texto y se concentran en la reconstrucción de su prehistoria, la interpretación poética analiza la forma final del texto, tomándola como una unidad literaria. Algunas de las ventajas que ofrece la interpretación poética para la comprensión y apreciación del texto ilustran mediante una comparación entre su acercamiento a Génesis 37:1-39:1 y el de las críticas mencionadas. |
| 630 07 - PUNTO DE ACCESO ADICIONAL DE MATERIA - TÍTULO UNIFORME | |
| Título uniforme | Biblia. |
| Parte o sección de la obra | Libros Poéticos |
| Subdivisión de materia general | Crítica, interpretación, etc. |
| 630 07 - PUNTO DE ACCESO ADICIONAL DE MATERIA - TÍTULO UNIFORME | |
| Título uniforme | Biblia. |
| Parte o sección de la obra | Libros históricos |
| Subdivisión de materia general | Crítica, interpretación, etc. |
| 773 0# - ASIENTO DE ITEM FUENTE | |
| Título | Kairós |
| Biblionumber | 49489 |
| Itemnumber | 61198 |
| Parte(s) relacionada(s) / Volumen., número. (mes año), páginas | Número 25 (Julio - Diciembre, 1999), páginas 53-78 |
| Enumeración y primera página | Página 53 |
| 773 0# - ASIENTO DE ITEM FUENTE | |
| Biblionumber | 49489 |
| Itemnumber | 81314 |
| Parte(s) relacionada(s) / Volumen., número. (mes año), páginas | Número 25 (Julio - Diciembre, 1999), páginas 53-78 |
| Enumeración y primera página | Página 53 |
| Título | Kairós |
| 942 ## - TIPO DE MATERIAL (KOHA) | |
| Tipo de Item KOHA | Artículos de Revista |
No hay ítems disponibles.
